000 00895nam a2200265 a 4500
001 000026576
003 OSt
005 20201103075824.0
008 110323s1958 dr ac 000 0bfre d
040 _aDO-SdBNP
_bspa
_cBNPHU
041 0 7 _afre
049 _aBNPD
082 7 4 _a923.57294
_bL894V
_222
100 1 _aViau, Alfred
_953677
245 1 0 _aToussaint Louverture :
_bconsidere a la lumiere de ses actes et attitudes /
_cAlfred Viau.
260 _aCiudad Trujillo, República Dominicana :
_bMontalvo,
_c1958.
300 _a70 p. :
_bil., retrs. ;
_c24 cm.
500 _aIncluye bibliografía y notas al pie de páginas.
546 _aFrancés
600 1 4 _aLOUVERTURE, TOUSSAINT,
_d1743-1803
_946608
651 4 _aHaití
_xHistoria
_yREVOLUCIÓN, 1791-1804
_99645
651 4 _aHaití
_xPolítica Y Gobierno
_912667
910 _aValidado. Control de la calidad EMS.
942 _2ddc
_cLBS1
999 _c26068
_d26068